[Event "FIDE World Blitz 2014"]
[Site "Dubai UAE"]
[Date "2014.06.19"]
[Round "11.18"]
[White "Riazantsev, Alexander"]
[Black "Ragger, Markus"]
[Result "1-0"]
[WhiteTitle "GM"]
[BlackTitle "GM"]
[WhiteElo "2692"]
[BlackElo "2632"]
[WhiteFideId "4125029"]
[BlackFideId "1610856"]
[EventDate "2014.06.19"]

1. d4 d5 2. c4 c6 3. Nf3 Nf6 4. e3 Bg4 5. Bd3 e6 6. Nbd2 Nbd7 7. O-O Be7 8. b3
O-O 9. Bb2 a5 10. a3 Bh5 11. Qc2 Bg6 12. c5 Re8 13. Bxg6 hxg6 14. b4 b6 15. Bc3
axb4 16. axb4 Qc7 17. Rfb1 Qb7 18. h3 Rxa1 19. Rxa1 Ra8 20. Qc1 Bd8 21. Ne1 Bc7
22. Nd3 Ne4 23. Nf1 bxc5 24. Rxa8+ Qxa8 25. bxc5 Qa6 26. Nb2 Qe2 27. Be1 Nb8 28.
f3 Nf6 29. Qd2 Qb5 30. Qb4 Qxb4 31. Bxb4 Na6 32. Bc3 Kf8 33. Nd3 Ke8 34. g4 Kd7
35. Nd2 Ne8 36. Kf2 f6 37. h4 Ke7 38. Nb3 Kd7 39. Ba5 Bb8 40. e4 Ke7 41. e5 g5
42. hxg5 fxg5 43. Ke3 Nec7 44. Nf2 Kf7 45. Kd3 Nb5 46. Nh3 Kg6 47. Bd2 Kf7 48.
Nxg5+ Ke7 49. f4 Bc7 50. f5 exf5 51. gxf5 Bd8 52. Ne6 Nac7 53. Bg5+ Kd7 54. Nxd8 1-0

[Event "FIDE World Blitz 2014"]
[Site "Dubai UAE"]
[Date "2014.06.19"]
[Round "11.21"]
[White "Onischuk, Vladimir"]
[Black "Svidler, Peter"]
[Result "0-1"]
[WhiteTitle "GM"]
[BlackTitle "GM"]
[WhiteElo "2594"]
[BlackElo "2753"]
[WhiteFideId "14114038"]
[BlackFideId "4102142"]
[EventDate "2014.06.19"]

1. e4 g6 2. d4 Bg7 3. Nc3 d6 4. f4 a6 5. Nf3 Nd7 6. Be3 b5 7. Bd3 Bb7 8. Qd2
Ngf6 9. e5 Nd5 10. Nxd5 Bxd5 11. h4 c5 12. c3 c4 13. Bc2 h5 14. exd6 e6 15. Ne5
Nf6 16. O-O-O Qxd6 17. Rhg1 a5 18. Rde1 Ne4 19. Qe2 Ng3 20. Qd1 b4 21. Bf2 Nf5
22. g4 hxg4 23. Qxg4 Bxe5 24. dxe5 Qc6 25. Qh3 b3 26. axb3 cxb3 27. Bxf5 exf5
28. e6 Bxe6 29. Bd4 Rh5 30. Re5 a4 31. Qe3 Ra6 32. Rc5 Qe4 33. Qf2 a3 34. bxa3
Rxa3 35. Re1 Ra1+ 0-1

[Event "FIDE World Blitz 2014"]
[Site "Dubai UAE"]
[Date "2014.06.19"]
[Round "11.22"]
[White "Nguyen, Ngoc Truong Son"]
[Black "Inarkiev, Ernesto"]
[Result "1/2-1/2"]
[WhiteTitle "GM"]
[BlackTitle "GM"]
[WhiteElo "2621"]
[BlackElo "2682"]
[WhiteFideId "12401110"]
[BlackFideId "4162722"]
[EventDate "2014.06.19"]

1. d4 d5 2. c4 e6 3. Nc3 a6 4. cxd5 exd5 5. Bf4 c6 6. e3 Bd6 7. Bxd6 Qxd6 8. Bd3
Nf6 9. h3 O-O 10. Nf3 Re8 11. O-O Ne4 12. Qc2 Qe7 13. Bxe4 dxe4 14. Nd2 f5 15.
Nc4 Nd7 16. f3 Nf6 17. Nb6 Rb8 18. Nxc8 Rbxc8 19. fxe4 Nxe4 20. Rxf5 Nxc3 21.
bxc3 Qxe3+ 22. Kh2 Qe6 23. Raf1 h6 24. Kh1 Rf8 25. Qb1 Rxf5 26. Rxf5 Re8 27. Re5
Qd7 28. Rxe8+ Qxe8 29. Qxb7 Qe1+ 30. Kh2 Qxc3 31. Qxa6 h5 32. Qc8+ Kh7 33. Qf5+
g6 34. Qf7+ Kh6 35. Qf6 Qc4 36. a3 Kh7 37. Qe7+ Kh6 38. Qc5 Qa6 39. Qc1+ Kh7 40.
Qc5 Kh6 41. Qb4 Qf1 42. Qd2+ Kh7 43. a4 Qf6 44. a5 Qd6+ 45. Kg1 Qa3 46. Kh2 h4
47. Qf4 Qxa5 48. Qxh4+ Kg7 49. Qe7+ Kh6 50. Qf8+ Kh7 51. Qf7+ Kh6 52. Qe8 Qa4
53. Qh8+ Kg5 54. Qe5+ Kh6 55. Qe3+ Kh7 56. Kg3 Qc4 57. Kg4 Qf7 58. Qe5 Qd7+ 59.
Kf4 Qf7+ 60. Kg3 Qd7 61. h4 Qf7 62. Kg4 Qd7+ 63. Kg5 Qd8+ 64. Qf6 Qd5+ 65. Kf4
Qxg2 66. Qe7+ Kh8 67. Qf8+ Kh7 68. Qe7+ Kg8 69. Qe8+ Kg7 70. Qe5+ Kh7 71. Qe7+
Kg8 72. Qe8+ Kg7 73. Qe7+ Kg8 74. Qe8+ Kg7 1/2-1/2

[Event "FIDE World Blitz 2014"]
[Site "Dubai UAE"]
[Date "2014.06.19"]
[Round "11.23"]
[White "Kasimdzhanov, Rustam"]
[Black "Najer, Evgeniy"]
[Result "1-0"]
[WhiteTitle "GM"]
[BlackTitle "GM"]
[WhiteElo "2700"]
[BlackElo "2653"]
[WhiteFideId "14200244"]
[BlackFideId "4118987"]
[EventDate "2014.06.19"]

1. g3 d5 2. Bg2 c6 3. b3 e5 4. Bb2 Bd6 5. e3 Ne7 6. d3 O-O 7. Ne2 c5 8. O-O Nbc6
9. c4 d4 10. exd4 exd4 11. Nd2 b6 12. a3 a5 13. Ne4 Bc7 14. Re1 Bf5 15. Bc1 Qd7
16. Nf4 Rae8 17. Bd2 h6 18. Nh5 f6 19. Bxh6 Bg4 20. Bxg7 Bxd1 21. Nexf6+ Rxf6
22. Nxf6+ Kxg7 23. Nxd7 Bh5 24. Re6 Bf7 25. Rxc6 Nxc6 26. Bxc6 Re7 27. f4 Re3
28. Be4 Re2 29. Ne5 Bxe5 30. fxe5 Rb2 31. Rf1 Rxb3 32. Bd5 Bg6 33. e6 Rxd3 34.
Re1 Rxa3 35. Bc6 Re3 36. Rxe3 dxe3 37. e7 Kf6 38. e8=Q Bxe8 39. Bxe8 Ke5 40. h4
Kd4 41. Kf1 Kd3 42. Ke1 Kxc4 43. h5 Kd4 44. h6 1-0

[Event "FIDE World Blitz 2014"]
[Site "Dubai UAE"]
[Date "2014.06.19"]
[Round "11.24"]
[White "Gundavaa, Bayarsaikhan"]
[Black "Vitiugov, Nikita"]
[Result "1/2-1/2"]
[WhiteTitle "GM"]
[BlackTitle "GM"]
[WhiteElo "2501"]
[BlackElo "2742"]
[WhiteFideId "4901045"]
[BlackFideId "4152956"]
[EventDate "2014.06.19"]

1. d4 d5 2. c4 c6 3. cxd5 cxd5 4. Bf4 Nc6 5. e3 Nf6 6. Nc3 Bg4 7. Qb3 Na5 8.
Qa4+ Bd7 9. Bb5 Nc6 10. Qd1 a6 11. Bd3 Bg4 12. Nge2 e6 13. Rc1 Bxe2 14. Bxe2 Bd6
15. Bxd6 Qxd6 16. O-O O-O 17. Na4 Nd7 18. Qb3 Na5 19. Qc3 Nc6 20. Qb3 Rab8 21.
Nc5 Nxc5 22. Rxc5 Ne7 23. Rfc1 g6 24. a4 Rfd8 25. h3 Rd7 26. Qc3 Kg7 27. a5 b6
28. axb6 Qxb6 29. Rc2 Ra7 30. Bd3 Qb4 31. Qxb4 Rxb4 32. Rc7 Rxc7 33. Rxc7 Kf6
34. Bxa6 Rxb2 35. Bd3 h5 36. g3 g5 37. Kg2 Rb8 38. h4 gxh4 39. gxh4 Rg8+ 40. Kh3
Rg1 41. Be2 Rh1+ 42. Kg2 Rxh4 43. Ra7 Nf5 44. Ra8 Nd6 45. Rh8 Kg6 46. Rg8+ Kh7
47. Rg5 Kh6 48. Rg8 Ne4 49. Bf3 Ng5 50. Be2 Ne4 51. Bf3 Nd6 52. Rh8+ Kg6 53.
Rg8+ Kh7 54. Rg5 Kh6 55. Rg8 Nf5 56. Be2 Ne7 57. Rh8+ Kg6 58. Bf3 Nf5 59. Rg8+
Kh7 60. Rg5 Kh6 61. Rg8 Nd6 62. Kg3 Nf5+ 63. Kg2 Kh7 64. Rg5 Kh6 65. Rg8 Ne7 66.
Rh8+ Kg6 67. Kg3 Nf5+ 68. Kg2 Kg5 69. Rg8+ Kf6 70. Rh8 Kg6 71. Rg8+ 1/2-1/2

[Event "FIDE World Blitz 2014"]
[Site "Dubai UAE"]
[Date "2014.06.19"]
[Round "11.25"]
[White "Amin, Bassem"]
[Black "Sokolov, Ivan"]
[Result "1-0"]
[WhiteTitle "GM"]
[BlackTitle "GM"]
[WhiteElo "2635"]
[BlackElo "2650"]
[WhiteFideId "10601457"]
[BlackFideId "14400030"]
[EventDate "2014.06.19"]

1. Nf3 d5 2. g3 Bg4 3. Bg2 Nd7 4. c4 e6 5. cxd5 exd5 6. O-O Ngf6 7. d3 c6 8. Nc3
Bxf3 9. Bxf3 d4 10. Ne4 Be7 11. Bf4 O-O 12. a3 a5 13. Qc2 Nd5 14. Bd6 f5 15.
Bxe7 Qxe7 16. Nd2 Ne5 17. Bxd5+ cxd5 18. Qb3 Rad8 19. Nf3 Nxf3+ 20. exf3 f4 21.
g4 h5 22. h3 Rd6 23. Kg2 Re8 24. Qb5 b6 25. b4 axb4 26. Qxb4 Qf6 27. Rfe1 Rc8
28. Rac1 Rc3 29. Re8+ Kh7 30. Rce1 Rxd3 31. R1e5 hxg4 32. hxg4 Rc6 33. Qb1 Rc3
34. Qh1+ Qh6 35. Rh5 Rxf3 36. Rxh6+ gxh6 37. Qh5 1-0

[Event "FIDE World Blitz 2014"]
[Site "Dubai UAE"]
[Date "2014.06.19"]
[Round "11.26"]
[White "Salem, A.R. Saleh"]
[Black "Yu, Yangyi"]
[Result "1/2-1/2"]
[WhiteTitle "GM"]
[BlackTitle "GM"]
[WhiteElo "2581"]
[BlackElo "2675"]
[WhiteFideId "9301348"]
[BlackFideId "8603820"]
[EventDate "2014.06.19"]

1. d4 d5 2. c4 e6 3. Nc3 Bb4 4. Nf3 Nf6 5. Bg5 h6 6. Bxf6 Qxf6 7. e3 O-O 8. Rc1
Nd7 9. Qc2 c6 10. a3 Bxc3+ 11. Qxc3 Re8 12. h3 Qg6 13. Bd3 Qf6 14. O-O dxc4 15.
Bxc4 e5 16. dxe5 Nxe5 17. Nxe5 Qxe5 18. Qxe5 Rxe5 19. Rfd1 Kf8 20. Rd4 Be6 21.
Bxe6 Rxe6 22. Kf1 Ke8 23. Ke2 Rd8 24. Rcd1 Rxd4 25. Rxd4 c5 26. Rc4 Rb6 27. b4
cxb4 28. axb4 Kd7 29. e4 Rc6 30. Rd4+ Rd6 31. Rc4 Rc6 32. Rd4+ Ke7 33. f4 Rc3
34. Kf2 h5 35. h4 g6 36. g3 a6 37. Kg2 b6 38. Kf2 Rb3 39. Kg2 Ke6 40. Kf2 Ke7
41. Kg2 Ke6 42. Kf2 Ra3 43. Kg2 Rc3 44. Kf2 a5 45. bxa5 bxa5 46. Ra4 Rc5 47. Ke3
Rc3+ 48. Kf2 Rc5 49. Ke3 Rb5 50. Kd4 Rb3 51. Rxa5 Rxg3 52. Ra6+ Ke7 53. Ke5 Rb3
54. Ra7+ Kf8 55. Kf6 Rb6+ 56. Kg5 Rb4 57. f5 Rxe4 58. fxg6 fxg6 59. Kxg6 Rxh4
60. Rh7 Kg8 61. Rxh5 Rxh5 62. Kxh5 1/2-1/2

[Event "FIDE World Blitz 2014"]
[Site "Dubai UAE"]
[Date "2014.06.19"]
[Round "11.30"]
[White "Georgiev, Kiril"]
[Black "Matlakov, Maxim"]
[Result "0-1"]
[WhiteTitle "GM"]
[BlackTitle "GM"]
[WhiteElo "2644"]
[BlackElo "2689"]
[WhiteFideId "2900017"]
[BlackFideId "4168003"]
[EventDate "2014.06.19"]

1. d4 Nf6 2. Nf3 d5 3. c4 c6 4. e3 Bf5 5. Nc3 e6 6. Nh4 Bg6 7. Nxg6 hxg6 8. Bd3
Nbd7 9. O-O Bd6 10. h3 Bc7 11. Qe2 Qe7 12. Bd2 O-O-O 13. b4 dxc4 14. Bxc4 Qd6
15. f4 g5 16. b5 c5 17. dxc5 Nxc5 18. Rad1 gxf4 19. Be1 Qb6 20. Bf2 Nce4 21.
Nxe4 Nxe4 22. exf4 Nxf2 23. Qxf2 Qxf2+ 24. Kxf2 Bxf4 25. Bb3 Be5 26. Ke3 Bf6 27.
Rxd8+ Rxd8 28. g4 Rh8 29. Rf3 Kd8 30. Ke4 Ke7 31. Kd3 g6 32. Kc4 Be5 33. b6 Rc8+
34. Kb4 axb6 0-1

[Event "FIDE World Blitz 2014"]
[Site "Dubai UAE"]
[Date "2014.06.19"]
[Round "11.31"]
[White "Ringoir, Tanguy"]
[Black "Volokitin, Andrei"]
[Result "0-1"]
[WhiteTitle "IM"]
[BlackTitle "GM"]
[WhiteElo "2506"]
[BlackElo "2638"]
[WhiteFideId "208027"]
[BlackFideId "14107090"]
[EventDate "2014.06.19"]

1. d4 Nf6 2. c4 g6 3. Nc3 d5 4. e3 Bg7 5. Qb3 e6 6. Qa3 Bf8 7. Qa4+ c6 8. Nf3
Bg7 9. Qa3 Bf8 10. Qb3 Bg7 11. Qa3 a5 12. b3 Na6 13. Be2 Nb4 14. Qb2 O-O 15. a3
Na6 16. O-O c5 17. Rd1 cxd4 18. exd4 b6 19. Bf4 Bb7 20. Be5 Nb8 21. c5 Nbd7 22.
Bd6 Re8 23. b4 Ne4 24. Nxe4 dxe4 25. Ne5 axb4 26. axb4 Rxa1 27. Qxa1 bxc5 28.
Bb5 cxd4 29. Nxd7 Qg5 30. Nc5 e3 31. Nxb7 Qxb5 32. Nc5 e2 33. Re1 d3 34. Qc1 Rd8
35. Be7 d2 0-1

[Event "FIDE World Blitz 2014"]
[Site "Dubai UAE"]
[Date "2014.06.19"]
[Round "11.33"]
[White "Jobava, Baadur"]
[Black "Andriasian, Zaven"]
[Result "1-0"]
[WhiteTitle "GM"]
[BlackTitle "GM"]
[WhiteElo "2713"]
[BlackElo "2611"]
[WhiteFideId "13601520"]
[BlackFideId "13302000"]
[EventDate "2014.06.19"]

1. e4 c5 2. Nc3 d6 3. Nge2 Nc6 4. Ng3 g6 5. Bb5 Bd7 6. d3 Bg7 7. h4 h5 8. Bg5
Nf6 9. Qd2 Nd4 10. Bxd7+ Qxd7 11. O-O-O b5 12. Kb1 e6 13. e5 dxe5 14. Nge4 Nh7
15. Bh6 O-O 16. Bxg7 Kxg7 17. g4 f5 18. gxh5 fxe4 19. hxg6 Nf6 20. h5 Nf3 21.
Qe2 Rh8 22. Nxe4 Nd4 23. Qe3 Rag8 24. h6+ Kxg6 25. Qg5+ Kf7 26. Qxf6+ Ke8 27.
Qxh8 1-0

[Event "FIDE World Blitz 2014"]
[Site "Dubai UAE"]
[Date "2014.06.19"]
[Round "11.34"]
[White "Efimenko, Zahar"]
[Black "Vakhidov, Jahongir"]
[Result "1-0"]
[WhiteTitle "GM"]
[BlackTitle "IM"]
[WhiteElo "2648"]
[BlackElo "2471"]
[WhiteFideId "14107201"]
[BlackFideId "14201801"]
[EventDate "2014.06.19"]

1. e4 g6 2. d4 Nf6 3. Nc3 d5 4. e5 Ne4 5. Nf3 Nxc3 6. bxc3 c5 7. Be2 Nc6 8. O-O
Bg4 9. Rb1 Qc7 10. Ba3 c4 11. Ng5 Bxe2 12. Qxe2 h6 13. Nh3 Qa5 14. Bb4 Qc7 15.
e6 f5 16. Qf3 O-O-O 17. Nf4 Rg8 18. Nxd5 Rxd5 19. Qxd5 Nd8 20. Ba5 b6 21. Rb4
Kb8 22. Rfb1 Qd6 23. Rxb6+ axb6 24. Rxb6+ Qxb6 25. Bxb6 Nb7 26. Qxc4 Bg7 27.
Qc7+ Ka8 28. Qxe7 1-0

[Event "FIDE World Blitz 2014"]
[Site "Dubai UAE"]
[Date "2014.06.19"]
[Round "11.35"]
[White "Adly, Ahmed"]
[Black "Savchenko, Boris"]
[Result "0-1"]
[WhiteTitle "GM"]
[BlackTitle "GM"]
[WhiteElo "2594"]
[BlackElo "2581"]
[WhiteFideId "10601619"]
[BlackFideId "4147332"]
[EventDate "2014.06.19"]

1. d4 Nf6 2. Nf3 e6 3. e3 c5 4. b3 b6 5. Bb2 Be7 6. Nbd2 O-O 7. Bd3 d5 8. O-O
Ba6 9. c4 Nc6 10. Ne5 Nxe5 11. dxe5 Nd7 12. f4 Qe8 13. Qe2 Rd8 14. Rf3 f6 15.
cxd5 Bxd3 16. Qxd3 exd5 17. Rh3 h6 18. e6 Nb8 19. f5 Nc6 20. Nf3 Bd6 21. Nh4 Be5
22. Bxe5 Nxe5 23. Qe2 d4 24. exd4 cxd4 25. Nf3 d3 26. Qf2 Qe7 27. Nxe5 fxe5 28.
Re3 Qc5 29. Rd1 Rxf5 30. Rf3 Rxf3 31. Qxc5 bxc5 32. gxf3 Kf8 33. Kf2 Ke7 34. Ke3
Kxe6 35. Kd2 Rd4 36. Rc1 Kd5 37. Rg1 g5 38. Rg2 a5 39. Rf2 a4 40. Rg2 axb3 41.
axb3 c4 42. bxc4+ Kxc4 43. Rg1 Rh4 44. Rg2 Kd4 45. Rf2 Rh3 46. Ke1 Ke3 47. f4
gxf4 48. Rg2 e4 49. Re2+ Kd4 50. Rf2 f3 51. Ra2 e3 52. Ra4+ Kc5 53. Re4 f2+ 54.
Kf1 d2 0-1

[Event "FIDE World Blitz 2014"]
[Site "Dubai UAE"]
[Date "2014.06.19"]
[Round "11.36"]
[White "Eljanov, Pavel"]
[Black "Kovalev, Vladislav"]
[Result "1/2-1/2"]
[WhiteTitle "GM"]
[BlackTitle "GM"]
[WhiteElo "2723"]
[BlackElo "2554"]
[WhiteFideId "14102951"]
[BlackFideId "13504398"]
[EventDate "2014.06.19"]

1. d4 Nf6 2. c4 g6 3. Nc3 Bg7 4. e4 d6 5. Nf3 O-O 6. Be2 e5 7. O-O Na6 8. Re1 c6
9. Be3 exd4 10. Bxd4 Re8 11. Bf1 Nc7 12. h3 c5 13. Bxf6 Qxf6 14. Qd3 b6 15. Rad1
Bb7 16. Qxd6 Qxd6 17. Rxd6 Rad8 18. Red1 Rxd6 19. Rxd6 Bxc3 20. bxc3 Bxe4 21.
Ng5 Bb1 22. Rd7 Ne6 23. Nxf7 Nf8 24. Nh6+ Kh8 25. Rf7 Re1 26. Ng4 Kg8 27. Nh6+
Kh8 28. Ng4 Kg8 29. Nh6+ Kh8 30. Ng4 Kg8 31. Nh6+ 1/2-1/2

[Event "FIDE World Blitz 2014"]
[Site "Dubai UAE"]
[Date "2014.06.19"]
[Round "11.37"]
[White "Nielsen, Peter Heine"]
[Black "Fier, Alexandr"]
[Result "0-1"]
[WhiteTitle "GM"]
[BlackTitle "GM"]
[WhiteElo "2654"]
[BlackElo "2580"]
[WhiteFideId "1400355"]
[BlackFideId "2107139"]
[EventDate "2014.06.19"]

1. d4 d5 2. c4 e6 3. Nf3 c6 4. Nbd2 f5 5. g3 Nf6 6. Bg2 Bd6 7. O-O O-O 8. Ne5 b6
9. b3 Bb7 10. Ndf3 Qe7 11. Bb2 Nbd7 12. Rc1 Rac8 13. Rc2 Ne4 14. Nxd7 Qxd7 15.
Qc1 c5 16. cxd5 exd5 17. dxc5 bxc5 18. e3 Qe6 19. Rd1 Rfd8 20. Qa1 Bf8 21. Qc1
a5 22. Ne5 a4 23. Nd3 axb3 24. axb3 Qb6 25. Nf4 Qxb3 26. Ne6 Re8 27. Nxf8 Rxf8
28. Ba3 Rfd8 29. Bxe4 dxe4 30. Rxd8+ Rxd8 31. Bxc5 h6 32. Bd4 Rd7 33. h4 Kh7 34.
Rc7 Qf7 35. Rc5 f4 0-1

[Event "FIDE World Blitz 2014"]
[Site "Dubai UAE"]
[Date "2014.06.19"]
[Round "11.39"]
[White "Lenic, Luka"]
[Black "Vahidov, Tair"]
[Result "1/2-1/2"]
[WhiteTitle "GM"]
[BlackTitle "GM"]
[WhiteElo "2659"]
[BlackElo "2446"]
[WhiteFideId "14603853"]
[BlackFideId "14200155"]
[EventDate "2014.06.19"]

1. d4 Nf6 2. c4 g6 3. Nc3 d5 4. cxd5 Nxd5 5. e4 Nxc3 6. bxc3 Bg7 7. Qa4+ c6 8.
Nf3 O-O 9. Be2 c5 10. O-O cxd4 11. cxd4 Nc6 12. Rd1 Bd7 13. Qb3 b6 14. Bb2 Na5
15. Qe3 Rc8 16. Rdc1 Be6 17. Bc3 Bg4 18. Bxa5 bxa5 19. e5 Qd5 20. h3 Rxc1+ 21.
Rxc1 Bxf3 22. Bxf3 Qxa2 23. Rc7 e6 24. Rxa7 a4 25. Bc6 Qb1+ 26. Kh2 Qb6 27. d5
Qxe3 28. fxe3 Bxe5+ 29. Kg1 exd5 30. Bxd5 Kg7 31. Rxa4 Rd8 32. e4 1/2-1/2

[Event "FIDE World Blitz 2014"]
[Site "Dubai UAE"]
[Date "2014.06.19"]
[Round "11.41"]
[White "Moiseenko, Alexander"]
[Black "Breckenridge, Steven James"]
[Result "1-0"]
[WhiteTitle "GM"]
[BlackTitle "FM"]
[WhiteElo "2707"]
[BlackElo "2299"]
[WhiteFideId "14102560"]
[BlackFideId "2043700"]
[EventDate "2014.06.19"]

1. d4 Nf6 2. c4 e6 3. Nc3 Bb4 4. g3 O-O 5. Bg2 d5 6. Nf3 Nbd7 7. O-O c5 8. cxd5
exd5 9. dxc5 Nxc5 10. Be3 Re8 11. Bd4 Bxc3 12. Bxc3 b6 13. Rc1 Ba6 14. Re1 Rc8
15. Bh3 Ne6 16. Qa4 Nc5 17. Qh4 Rc6 18. Nd4 Rc7 19. b4 Nce4 20. Bb2 Rxc1 21.
Rxc1 Bc4 22. Nf5 Bxe2 23. Rc8 Nd2 24. Rxd8 Nf3+ 25. Kh1 Rxd8 26. Bxf6 Nxh4 27.
Bxd8 Nf3 28. Ne7+ Kf8 29. Nxd5 Ne1 30. Nf4 Bf3+ 31. Kg1 Ke8 32. Bc7 Nc2 33. Bb8
a6 34. Ba7 Nxb4 35. a3 Nc2 36. a4 Bc6 37. Bxb6 Bxa4 38. Nd5 Bc6 39. Nc7+ Ke7 40.
Nxa6 Kd6 41. Bc5+ Ke5 42. Bg2 Bb5 43. Nb4 Ne1 44. Be3 f6 45. h4 g6 46. Nd5 Nd3
47. Nc3 Bd7 48. Bf1 Nb4 49. Bg2 Na6 50. Ne2 Ke6 51. Bd4 Nc7 52. Nf4+ Kf7 53. Nd5
Nb5 54. Bxf6 Nd6 55. Ba1 1-0

[Event "FIDE World Blitz 2014"]
[Site "Dubai UAE"]
[Date "2014.06.19"]
[Round "11.42"]
[White "Durarbayli, Vasif"]
[Black "Sriram, Jha"]
[Result "1-0"]
[WhiteTitle "GM"]
[BlackTitle "GM"]
[WhiteElo "2590"]
[BlackElo "2375"]
[WhiteFideId "13402935"]
[BlackFideId "5001668"]
[EventDate "2014.06.19"]

1. e4 e5 2. Nf3 d6 3. Bc4 Be7 4. d3 Nf6 5. Bb3 O-O 6. c3 Nc6 7. Nbd2 Na5 8. Bc2
c5 9. Nf1 Nc6 10. Ng3 d5 11. exd5 Nxd5 12. O-O f6 13. Re1 Kh8 14. a3 Nc7 15. b4
a5 16. bxc5 Bxc5 17. Nh4 Nd5 18. d4 exd4 19. Qh5 f5 20. Ng6+ Kg8 21. Nxf8 Bxf8
22. Nxf5 g6 23. Nh6+ Kg7 24. Qf3 Nxc3 25. Qf7+ 1-0

[Event "FIDE World Blitz 2014"]
[Site "Dubai UAE"]
[Date "2014.06.19"]
[Round "11.44"]
[White "Aleksandrov, Aleksej"]
[Black "Kryvoruchko, Yuriy"]
[Result "1-0"]
[WhiteTitle "GM"]
[BlackTitle "GM"]
[WhiteElo "2554"]
[BlackElo "2707"]
[WhiteFideId "13500139"]
[BlackFideId "14109182"]
[EventDate "2014.06.19"]

1. d4 Nf6 2. c4 e6 3. Nc3 Bb4 4. e3 O-O 5. Bd3 d5 6. cxd5 exd5 7. Ne2 c5 8. a3
Bxc3+ 9. bxc3 b6 10. O-O Ba6 11. f3 Re8 12. Ng3 Bxd3 13. Qxd3 Nc6 14. Bb2 Rc8
15. Rad1 cxd4 16. cxd4 Na5 17. e4 Nc4 18. Bc1 b5 19. e5 Nd7 20. f4 Qb6 21. Kh1
a5 22. f5 b4 23. axb4 axb4 24. f6 b3 25. Nf5 g6 26. Qh3 h5 27. Nh6+ Kf8 28. Qxd7
Qe6 29. Qb5 Red8 30. Qxb3 Rb8 31. Qd3 Ke8 32. h3 Rb5 33. Qc2 Rdb8 34. Qa4 Kd8
35. Rde1 Rb4 36. Qa2 Rb3 37. Qa7 R8b7 38. Qc5 Rxh3+ 39. Kg1 Rd7 40. gxh3 Qxh3
41. Re2 Qd3 42. Rg2 h4 43. e6 h3 44. e7+ 1-0

[Event "FIDE World Blitz 2014"]
[Site "Dubai UAE"]
[Date "2014.06.19"]
[Round "11.45"]
[White "Ganguly, Surya Shekhar"]
[Black "Tissir, Mohamed"]
[Result "1-0"]
[WhiteTitle "GM"]
[BlackTitle "IM"]
[WhiteElo "2619"]
[BlackElo "2380"]
[WhiteFideId "5002150"]
[BlackFideId "9000240"]
[EventDate "2014.06.19"]

1. e4 c5 2. Nf3 e6 3. d4 cxd4 4. Nxd4 a6 5. Bd3 Bc5 6. Be3 Qc7 7. O-O Nf6 8. Nd2
d5 9. Re1 Nbd7 10. c3 O-O 11. Bg5 Bd6 12. N4f3 Ng4 13. h3 Nge5 14. Bc2 h6 15.
Be3 Nxf3+ 16. Nxf3 dxe4 17. Bxe4 Nf6 18. Bc2 Bc5 19. Bxc5 Qxc5 20. Ne5 Qc7 21.
Qf3 Bd7 22. Rad1 Rad8 23. Rd4 Bc6 24. Nxc6 bxc6 25. Red1 Rxd4 26. Rxd4 c5 27.
Ra4 a5 28. Qg3 Qb6 29. b3 Rd8 30. Qe3 Nd5 31. Qd3 Nf6 32. Qe2 Rd6 33. g3 Qd8 34.
Qe3 Rd2 35. Be4 Rd1+ 36. Kg2 Qc7 37. Bf3 Rd6 38. Rc4 Nd7 39. h4 Qb6 1-0

[Event "FIDE World Blitz 2014"]
[Site "Dubai UAE"]
[Date "2014.06.19"]
[Round "11.46"]
[White "Faisal, Abdulla"]
[Black "Sandipan, Chanda"]
[Result "0-1"]
[WhiteTitle "CM"]
[BlackTitle "GM"]
[WhiteElo "2270"]
[BlackElo "2594"]
[WhiteFideId "9301232"]
[BlackFideId "5004225"]
[EventDate "2014.06.19"]

1. d4 d5 2. Nf3 Nf6 3. Bf4 e6 4. e3 c5 5. c3 Nc6 6. Nbd2 Bd6 7. Bg3 O-O 8. Bd3
b6 9. Ne5 Bb7 10. f4 Ne7 11. Qf3 Nf5 12. Bf2 Be7 13. Qh3 Nd6 14. Ndf3 Nfe4 15.
O-O Qc8 16. Bh4 Bxh4 17. Qxh4 Nf5 18. Qe1 f6 19. Ng4 Ba6 20. Bxa6 Qxa6 21. Nf2
Nfd6 22. Nxe4 Nxe4 23. Nd2 Nd6 24. Rf3 Rfe8 25. Qf1 Qxf1+ 26. Raxf1 a5 27. a4
Reb8 0-1

[Event "FIDE World Blitz 2014"]
[Site "Dubai UAE"]
[Date "2014.06.19"]
[Round "11.47"]
[White "Ghaem Maghami, Ehsan"]
[Black "Al-Sayed, Mohammed"]
[Result "1-0"]
[WhiteTitle "GM"]
[BlackTitle "GM"]
[WhiteElo "2582"]
[BlackElo "2505"]
[WhiteFideId "12500739"]
[BlackFideId "12100196"]
[EventDate "2014.06.19"]

1. Nf3 d5 2. d4 c6 3. c4 Nf6 4. e3 Bg4 5. h3 Bh5 6. Qb3 Qb6 7. Qxb6 axb6 8. cxd5
Nxd5 9. Bd2 Nd7 10. Bd3 Bxf3 11. gxf3 e5 12. dxe5 Nxe5 13. Be4 O-O-O 14. Ke2 g6
15. Nc3 Nf6 16. Rad1 Bb4 17. a3 Be7 18. Bc2 b5 19. a4 b4 20. Na2 c5 21. b3 Rhe8
22. Bc1 c4 23. bxc4 Nxc4 24. Bb3 Na5 25. Bxf7 b3 26. Nc3 Rf8 27. Be6+ Kb8 28.
Nb5 b6 29. Bd2 Nd5 30. Bxa5 1-0

[Event "FIDE World Blitz 2014"]
[Site "Dubai UAE"]
[Date "2014.06.19"]
[Round "11.48"]
[White "Salgado Lopez, Ivan"]
[Black "Debashis, Das"]
[Result "1-0"]
[WhiteTitle "GM"]
[BlackTitle "GM"]
[WhiteElo "2622"]
[BlackElo "2484"]
[WhiteFideId "2257327"]
[BlackFideId "5024854"]
[EventDate "2014.06.19"]

1. e4 e5 2. Nf3 Nc6 3. Bb5 a6 4. Ba4 Nf6 5. O-O b5 6. Bb3 Bc5 7. a4 Rb8 8. axb5
axb5 9. d3 d6 10. h3 h6 11. Nc3 g5 12. Be3 g4 13. hxg4 Bxg4 14. Re1 Rg8 15. Kf1
Nd4 16. Bxd4 Bxd4 17. Ne2 Bb6 18. Ng3 Nh5 19. Ke2 Nf4+ 20. Kd2 Bxf2 21. Nf5 Bxf5
22. exf5 Bxe1+ 23. Qxe1 Rxg2+ 24. Kc1 Qf6 25. Ra7 Rc8 26. Kb1 Kf8 27. Ka2 Qxf5
28. Nh4 Qg5 29. Nxg2 Qxg2 30. Qh4 Qg5 31. Qh1 h5 32. Qb7 Qd8 33. d4 h4 34. dxe5
dxe5 35. Qe4 Qf6 36. Qb7 Qf5 37. Qxb5 h3 38. Qc5+ Kg7 39. Qg1+ Qg6 40. Qe3 Qf6
41. Ra5 Re8 42. Ra7 Re7 43. Ra4 Qh6 44. Qg3+ Qg6 45. Qh4 Qf6 46. Qg3+ Qg6 47.
Qh4 Rd7 48. Ra8 Nh5 1-0